Analysis of the Slovak and Czech university education through selected quantitative indicators

Porovnanie slovenského a českého systému vysokoškolského vzdelávania. Rodová a národnostná štruktúra študentov študujúcich v oboch krajinách.

Salvato in:
Dettagli Bibliografici
Autore principale: Kováč, Filip
Altri autori: Konečná, Martina
Natura: Capitolo di libro
Lingua:inglese
Soggetti:
Tags: Aggiungi Tag
Nessun Tag, puoi essere il primo ad aggiungerne!!

MARC

LEADER 00000nla a2200000 4500
001 0181144
005 20240502073114.1
041 0 |a eng 
044 |a SK 
245 1 0 |a Analysis of the Slovak and Czech university education through selected quantitative indicators  |c Filip Kováč, Martina Konečná 
520 |a Porovnanie slovenského a českého systému vysokoškolského vzdelávania. Rodová a národnostná štruktúra študentov študujúcich v oboch krajinách. 
610 2 0 |a vzdelávanie vysokoškolské 
610 2 0 |a školy 
610 2 0 |a školy súkromné 
610 2 0 |a študenti 
610 2 0 |a študenti zahraniční 
610 2 0 |a Slovensko 
610 2 0 |a Česko 
100 1 |a Kováč, Filip 
700 1 |a Konečná, Martina